Нормален изглед
MARC изглед
- Хил, Мариана Стефанова
Вход 01. Лично име
001 - Контролен номер на записа
- Контролно поле: 372438
003 - Код на организацията, даваща контролен номер
- Контролно поле: BLK
005 - Дата и час на последна промяна на записа
- Контролно поле: 20241216160623.0
008 - Данни с фиксирана дължина – обща информация
- Данни с фиксирана дължина : 180422|| aca||aabn | a|a d
100 ## - ИМЕ НА ЛИЦЕ -ПЪРВИЧНА ИНТЕЛЕКТУАЛНА ОТГОВОРНОСТ
- Лично име: Хил, Мариана Стефанова
- Дати, свързани с автора: 1960 -
- Друга информация: Преводач от/на немски и английски език
942 ## - Системна служебна употреба
- Koha auth type: PERSO_NAME